00842cam a2200277 a 450000100060000000300100000600500170001600700030003300800410003602000180007704000260009508200150012108400100013610000200014624500980016625000120026430000270027633600270030333700330033033800280036349000230039165000500041465000300046465000390049470000310053360192CO-BoRNBP20251212223113.0ta110406s2011 ck a gr 000 j spa  a9789583035937 aCO-BoBNbspacCO-BoBN04aU863.5223 aC MAR1 aMarcuse, Robert11a¿Cúanto vale una vaca? /cRobert Marcuse y Aída Marcuse ; ilustraciones, Diego Nicoletti a1a. ed. a103 p. :bil. ;c21 cm 2rdacontentatextobtxt 2rdamediaasin mediaciónbn 2rdacarrieravolumenbnc0 aColección Corcel14aCuentos infantiles uruguayosySiglo XXI2LEMB24aEconomíavCuentos2LEMB24aFinanzas personalesvCuentos2LEMB1 aMarcuse, Aída E.,d1934-